00838nam a2200229 a 450000100100000000500170001000800410002704000250006808200190009310000280011224500670014025000130020726000420022030000210026250000700028359000260035365000270037965000310040691000370043795201170047499900170059100003965820240530073922.0130715s20uu dr 000 f spa d aDO-SdBNPbspacBNPHU aRD863.5bM828c1 aMorales, Jesús91087510aCondenados a vivir :buna historia de amor /cJesús Morales. a13a. ed. aSanto Domingo :bCentenario,c[20-?]. a100 p. ;c22 cm. aIncluye datos biográficos del autor en la solapa de la cubierta aInventariado, 2019/BT 0aNovela dominicana9223 0aLiteratura dominicana.967 aValidado. Control de calidad MFF 0010718PDaPDbPDcHDd2013-07-15iLF1l0oRD863.5 M828cp39658-10r2020-06-25w2020-06-25yLFPDZNo se presta c39148d39148